Le tour du monde de Solar Impulse sur une carte - Statistiques

Statistiques générales
  • Ce quiz a été pris 34 fois
    28 depuis la dernière actualisation
  • Le résultat moyen est 4 sur 17
Réponses sur la Carte
Les réponses sont colorées sur une échelle allant du rouge au vert en fonction du pourcentage des utilisateurs qui les ont devinées à leur premier essai. Vous pouvez retrouver ces pourcentages ci-dessous.
 
Statistiques - réponses
Étape Ville % Correct
2 Mascate
88%
10 San Francisco
48%
9 Honolulu
44%
15 New York
40%
17 Le Caire
36%
18 Abu Dhabi
32%
11 Phoenix
32%
16 Séville
32%
12 Tulsa
16%
3 Ahmedabad
12%
6 Chongqing
12%
5 Mandalay
12%
8 Nagoya
12%
7 Nankin
12%
4 Varanasi
8%
13 Dayton
4%
14 Lehigh Valley
4%
Aucun quiz correspondant
Distribution des résultats
% des personnes avec chaque résultat
Percentile par nombre de réponses
Votre historique - résultats
Vous n’avez pas pris ce quiz depuis la dernière actualisation